A vérszomjas sovinizmus körképe
Elmentve itt :
| Szerző: | |
|---|---|
| Adatforrás: | Meister |
| Forrásdokumentuma: | Korunk. - 5 sz., 1992, 126-128 p. |
| Nyelv: | magyar |
| Kulcsszavak: | politikai publicisztika sajtó politikai intézmények magyar-román kapcsolatok Románia Nagyrománia Párt (PRM) Romania Mare |
| LEADER | 00541nab a2200193 i 4500 | ||
|---|---|---|---|
| 001 | bibPRO00002163 | ||
| 008 | 060524s1992 xx hun | ||
| 040 | |a Sz1 | ||
| 041 | |a hun | ||
| 100 | 1 | |a JÓZSA T. István | |
| 245 | 1 | 2 | |a A vérszomjas sovinizmus körképe |c JÓZSA T. István |
| 695 | |a politikai publicisztika | ||
| 695 | |a sajtó | ||
| 695 | |a politikai intézmények | ||
| 695 | |a magyar-román kapcsolatok | ||
| 695 | |a Románia | ||
| 695 | |a Nagyrománia Párt (PRM) | ||
| 695 | |a Romania Mare | ||
| 773 | 0 | |t Korunk. - |g 5 sz., 1992, 126-128 p. | |